The homosexual in America A subjective approach

Gardado en:
Detalles Bibliográficos
Autor Principal: Cory, Donald Webster
Outros autores: Ellis, Albert
Formato: Libro
Idioma:inglés
Publicado: New York Greenberg 1951
Tags: Engadir etiqueta
Sen Etiquetas, Sexa o primeiro en etiquetar este rexistro!

MARC

LEADER 00000nam a2200000 4500
005 20250820123357.0
008 240717b |||||||| |||| 00| 0 eng d
040 |c GP 
100 |a Cory, Donald Webster 
245 |a The homosexual in America  |b A subjective approach 
260 |a New York  |b Greenberg  |c 1951 
700 |a Ellis, Albert 
942 |2 ddc  |c BK  |n 0 
952 |0 0  |1 0  |2 ddc  |4 0  |6 306_766810000000000_WEB  |7 1  |9 1630  |a RM  |b RM  |d 2024-07-17  |l 0  |o 306.766810 WEB  |p 479  |r 2024-07-17 18:25:03  |w 2024-07-17  |y BK 
999 |c 1446  |d 1446